| 000 | 01237nam a2200229Ia 4500 | ||
|---|---|---|---|
| 003 | Ost | ||
| 005 | 20260507075121.0 | ||
| 008 | 260507s9999||||xx |||||||||||||| ||und|| | ||
| 020 | _a3465024411 | ||
| 040 | _cfsecg | ||
| 041 | _aara | ||
| 082 | _a330 | ||
| 100 |
_aأبو جمعة، نعيم حافظ _eمؤلف |
||
| 245 | 0 |
_aالتسويق الإبتكاري / _c نعيم حافظ أبو جمعة |
|
| 260 |
_aالقاهرة: _bالمنظمة العربية للتنمية الإدارية, _c2003 |
||
| 300 |
_a320 صفحة؛ _c24 سم |
||
| 490 | _aبحوث ودراسات | ||
| 520 | _aالتسويق الإبتكاري(مفاهيم وقضايا أساسية)-متطلبات التسويق الإبتكاري-عملية التسويق الإبتكاري وإدارتها-مهارات التسويق الإبتكاري-الإبتكار في مجال المنتجات-الإبتكارات في مجال السعر-الإبتكار في مجال الترويج-الإبتكار في مجال التوزيع-الإبتكار في بحوث التسويق-تقييم الأداء في مجال التسويق الإبتكاري. | ||
| 653 | _aالتسويق | ||
| 653 | _aالتسويق الإبتكاري | ||
| 942 | _cكتاب | ||
| 999 |
_c43088 _d43088 |
||